[Event "IND-ch U11 Girls 30th"]
[Site "India"]
[Date "2016.06.29"]
[Round "3"]
[White "Charuta, J Shetye"]
[Black "Jesica"]
[Result "0-1"]
[WhiteElo "1055"]
[BlackElo "1230"]
[PlyCount "102"]
[EventDate "2016.06.28"]
[EventType "swiss"]
[EventRounds "11"]
[EventCountry "IND"]
[SourceTitle "CBM 173 Extra"]
[Source "ChessBase"]
[SourceDate "2016.08.29"]
[SourceVersion "1"]
[SourceVersionDate "2016.08.29"]
[SourceQuality "1"]

1. e4 e5 2. Nf3 Nc6 3. Nc3 Nf6 4. Bb5 a6 5. Ba4 Be7 6. 0-0 d6 7. h3 0-0 8. d3 Be6 9. Bb3 Qe8 10. Nh4 Nxe4 11. Nxe4 Bxh4 12. Qh5 Be7 13. Ng5 Bxg5 14. Qxg5 Bxb3 15. axb3 f6 16. Qg4 f5 17. Qc4+ Qf7 18. Qh4 Nd4 19. Ra4 Qg6 20. Kh1 f4 21. f3 Rf5 22. Rc4 Rg5 23. Qf2 c5 24. b4 b6 25. bxc5 bxc5 26. c3 Nf5 27. g4 Ng3+ 28. Kh2 Nxf1+ 29. Qxf1 h5 30. d4 hxg4 31. fxg4 cxd4 32. Qg2 Rf8 33. cxd4 Qe6 34. d5 Qd7 35. Qg1 Rg6 36. g5 Qf5 37. h4 e4 38. Qf1 Qg4 39. Qe1 e3 40. Bxe3 Qf3 41. Bf2 Qh5 42. Qe4 Rxg5 43. Qe6+ Kh7 44. Qxd6 Rf6 45. Qe7 Re5 46. Qa7 Re2 47. Kg1 Qg6+ 48. Kf1 f3 49. Bg3 Qb1+ 50. Rc1 Qxc1+ 51. Be1 Qxe1# 0-1

[Event "IND-ch U11 Girls 30th"]
[Site "India"]
[Date "2016.06.28"]
[Round "1"]
[White "Kriti, Mayur Patel"]
[Black "Charuta, J Shetye"]
[Result "1-0"]
[WhiteElo "1379"]
[BlackElo "1055"]
[PlyCount "95"]
[EventDate "2016.06.28"]
[EventType "swiss"]
[EventRounds "11"]
[EventCountry "IND"]
[SourceTitle "CBM 173 Extra"]
[Source "ChessBase"]
[SourceDate "2016.08.29"]
[SourceVersion "1"]
[SourceVersionDate "2016.08.29"]
[SourceQuality "1"]

1. e4 Nf6 2. e5 Nd5 3. Bc4 c6 4. Bxd5 cxd5 5. d4 d6 6. exd6 exd6 7. Nf3 Be7 8. 0-0 0-0 9. Nc3 Be6 10. Bf4 Nc6 11. Re1 Bf6 12. Qd2 Qc7 13. Nb5 Qb6 14. Nxd6 Nxd4 15. Nxd4 Bxd4 16. Qe2 Qxb2 17. Rab1 Qxa2 18. Nxb7 Bf5 19. Bd6 Rfc8 20. Nc5 Qxc2 21. Rb5 Bxc5 22. Rxc5 Qxe2 23. Rxe2 Be4 24. f3 Bd3 25. Re7 Rxc5 26. Bxc5 a5 27. Kf2 a4 28. Ke3 Bc4 29. Kd2 a3 30. Bxa3 f6 31. Bc5 Ra2+ 32. Ke1 Rxg2 33. h4 Rh2 34. Bf2 Rh3 35. Re3 d4 36. Re4 Rxf3 37. Rxd4 Bd3 38. h5 g5 39. h6 f5 40. Rd7 f4 41. Bc5 Rh3 42. Rg7+ Kh8 43. Bd4 Rh1+ 44. Kd2 Rd1+ 45. Kxd1 Be2+ 46. Kxe2 f3+ 47. Kf2 g4 48. Rg5# 1-0